| 000 | 00472nam a2200157 a 4500 | ||
|---|---|---|---|
| 001 | 000013791 | ||
| 005 | 20200929163341.0 | ||
| 008 | 091130s1958 dr a 001 0 spa d | ||
| 040 |
_aDO-SdBNP _bspa _cBNPHU |
||
| 082 |
_axxxx _bR333r |
||
| 100 | 1 |
_aMuñoz Regalado, Regino _931285 |
|
| 245 | 1 | 0 |
_aRealidades y misterios / _cRegino Muñoz Regalado. |
| 260 |
_aCiudad Trujillo, República Dominicana, : _bAtenas, _c1958. |
||
| 300 |
_a150 p. : _bil. ; _c20 cm. |
||
| 049 | _aBNPD | ||
| 999 |
_c13403 _d13403 |
||